Margret & H.A. Rey's Curious George at the aquarium / by R.P. Anderson ; illustrated in the style of H.A. Rey by Anna Grossnickle Hines.
When George and the man in the yellow hat visit the aquarium, George's curiosity gets the better of him and he accidentally joins some of the exhibits.
Record details
- ISBN: 9780547200514
- ISBN: 054720051X
- Physical Description: 24 pages : color illustrations ; 26 cm.
- Publisher: Boston : Houghton Mifflin, c2008.
Search for related items by subject
| Subject: | Monkeys > Juvenile fiction. Public aquariums > Juvenile fiction. Marine animals > Juvenile fiction. |
Available copies
- 0 of 1 copy available at scottsboropl.
Holds
- 0 current holds with 1 total copy.
Show Only Available Copies
| Location | Call Number / Copy Notes | Barcode | Shelving Location | Status | Due Date |
|---|---|---|---|---|---|
| scottsboropl | E Rey | 32269000931397 | Juvenile - Easy | Checked out | 04/22/2026 |
| LDR | 01585nam a2200349Ka 4500 | ||
|---|---|---|---|
| 001 | 139559 | ||
| 003 | CONS | ||
| 005 | 20150724062652.0 | ||
| 008 | 081008s2008 maua 000 1 eng | ||
| 020 | . | ‡a9780547200514 | |
| 020 | . | ‡a054720051X | |
| 035 | . | ‡a(CPomAG)LMN589553 | |
| 050 | 4. | ‡aPZ7.R33 Cur4 2008 | |
| 082 | 0 | 4. | ‡a[E] ‡222 |
| 100 | 1 | . | ‡aAnderson, R. P. ‡q(Robert Pierce), ‡d1969- |
| 245 | 1 | 0. | ‡aMargret & H.A. Rey's Curious George at the aquarium / ‡cby R.P. Anderson ; illustrated in the style of H.A. Rey by Anna Grossnickle Hines. |
| 246 | 1 | . | ‡aMargret and H.A. Rey's Curious George at the aquarium |
| 246 | 3 | 0. | ‡aCurious George at the aquarium |
| 260 | . | ‡aBoston : ‡bHoughton Mifflin, ‡cc2008. | |
| 300 | . | ‡a24 pages : ‡bcolor illustrations ; ‡c26 cm. | |
| 520 | . | ‡aWhen George and the man in the yellow hat visit the aquarium, George's curiosity gets the better of him and he accidentally joins some of the exhibits. | |
| 650 | 0. | ‡aMonkeys ‡vJuvenile fiction. | |
| 650 | 0. | ‡aPublic aquariums ‡vJuvenile fiction. | |
| 650 | 0. | ‡aMarine animals ‡vJuvenile fiction. | |
| 700 | 1 | . | ‡aRey, Margret. |
| 700 | 1 | . | ‡aRey, H. A. ‡q(Hans Augusto), ‡d1898-1977. |
| 700 | 1 | . | ‡aHines, Anna Grossnickle, ‡eillustrator. |
| 856 | 4 | 2. | ‡3Publisher description ‡uhttp://catdir.loc.gov/catdir/enhancements/fy0728/2006031367-d.html |
| 856 | 4 | 2. | ‡3Contributor biographical information ‡uhttp://catdir.loc.gov/catdir/enhancements/fy0737/2006031367-b.html |
| 914 | . | ‡aLMN_cm | |
| 959 | . | ‡i32269000931397 ‡lE Rey ‡aJuvenile - Easy ‡tEasy ‡g20.00 | |
| 852 | . | ‡p32269000931397 ‡jE Rey ‡gJuvenile - Easy ‡cEasy ‡y20.00 ‡bSBPL | |
| 901 | . | ‡a139559 ‡bUnknown ‡c139559 ‡tbiblio | |